| 000 | 00917nam a2200265 a 4500 | ||
|---|---|---|---|
| 001 | 4243274 | ||
| 003 | Ke-BoTe | ||
| 005 | 20211104113604.0 | ||
| 008 | 830610t19831982nyu 000 0 eng | ||
| 010 | _a 83050153 | ||
| 020 |
_a0940368269 (pbk.) : _c$3.00 |
||
| 040 |
_aDLC _cDLC _dDLC |
||
| 041 | 1 | _aengara | |
| 050 | 0 | 0 |
_aBP194 _b.M8713 1983 |
| 082 | 0 | 0 |
_a297/.2042 _219 |
| 100 | 1 |
_aMuẓaffar, Muḥammad Riḍa, _d1904- _9290 |
|
| 240 | 1 | 0 |
_aʻAqāʾid al-Imāmīyah. _lEnglish |
| 245 | 1 | 4 |
_aThe faith of Shīʻa Islam / _c Muḥammad Riḍā al-Muẓaffar. |
| 260 |
_aBaldwin, N.Y. : _bAnjumane Aza Khana-E-Zahra ; _aLondon, England : _bMuhammadi Trust of Great Britain & Northern Ireland, _c1983, c1982. |
||
| 300 |
_a89 p. ; _c21 cm. |
||
| 500 | _aTranslation of: ʻAqāʾid al-Imāmīyah. | ||
| 650 | 0 |
_aShīʻah _xDoctrines. _9291 |
|
| 906 |
_a7 _bcbc _corignew _d3 _eocip _f19 _gy-gencatlg |
||
| 942 |
_2lcc _cBK _n0 |
||
| 999 |
_c87 _d87 |
||